| 000 | 00553nam a2200229Ia 4500 | ||
|---|---|---|---|
| 003 | OSt | ||
| 005 | 20220928144057.0 | ||
| 006 | a|||||r|||| 00| 0 | ||
| 007 | ta | ||
| 008 | 220927b |||||||| |||| 00| 0 eng d | ||
| 024 | _a24106 | ||
| 037 | _cTextual | ||
| 040 |
_aSDCL _cSDCL _beng |
||
| 041 |
_2eng _aeng |
||
| 082 | _aX9:(Z2), M1 | ||
| 100 | _aMalik P L | ||
| 245 | 0 | _aIndustries development and regulation act,1951 | |
| 250 | _a2 | ||
| 260 | _c1981 | ||
| 942 |
_hX9:(Z2), M1 _cTEXL _2CC |
||
| 999 |
_c826031 _d826031 |
||